Statistics for US Counties

Click here to take the quiz!

General Stats

  • This quiz has been taken 4,138 times
  • The average score is 10 of 18

Answer Stats

County City % Correct
BronxNew York City
97%
_____-DadeMiami
91%
CookChicago
84%
AlleghenyPittsburgh
65%
HarrisHouston
65%
MaricopaPhoenix
65%
KingSeattle
64%
FultonAtlanta
63%
WayneDetroit
58%
CuyahogaCleveland
58%
ClarkLas Vegas
54%
Santa ClaraSan Jose
48%
MultnomahPortland (OR)
47%
AlamedaOakland
44%
BexarSan Antonio
42%
OrangeAnaheim
41%
BrowardFort Lauderdale
32%
WestchesterYonkers
19%

Score Distribution

Percentile by Number Answered

Percent of People with Each Score

Your Score History

You have not taken this quiz